[Event "Quindio Region-ch Amateur"]
[Site "Armenia"]
[Date "2020.02.18"]
[Round "5.5"]
[White "Sanchez, Luis Carlos"]
[Black "Londono Arias, Julian Andres"]
[Result "0-1"]
[WhiteElo "1658"]
[BlackElo "1630"]
[PlyCount "72"]
[EventDate "2020.02.15"]
[EventType "swiss"]
[EventRounds "7"]
[EventCountry "COL"]
[SourceTitle "EXT 2024"]
[Source "ChessBase"]
[SourceDate "2023.10.10"]
[SourceVersion "1"]
[SourceVersionDate "2023.10.10"]
[SourceQuality "1"]

1. e4 c5 2. Nf3 g6 3. Bc4 Bg7 4. 0-0 d6 5. d3 Nf6 6. Nc3 0-0 7. Qd2 Bg4 8. e5 Ne8 9. Qe3 Bxf3 10. Qxf3 Bxe5 11. Bh6 Ng7 12. Qxb7 Nd7 13. Rab1 e6 14. Rfe1 Nb6 15. Rxe5 dxe5 16. Bxg7 Kxg7 17. Bxe6 Qb8 18. Bd5 Qxb7 19. Bxb7 Rab8 20. Ba6 f5 21. Kf1 Kf6 22. Ke2 Rbd8 23. Ke3 Nd5+ 24. Nxd5+ Rxd5 25. Bc4 Rd4 26. c3 Rd7 27. f4 exf4+ 28. Kxf4 Re7 29. Kf3 Rfe8 30. Rd1 Re3+ 31. Kf2 Re2+ 32. Kf1 Rxb2 33. d4 cxd4 34. cxd4 Re4 35. Bb3 Rf4+ 36. Kg1 Rff2 0-1

[Event "Quindio Region-ch"]
[Site "Cucuta"]
[Date "2017.04.01"]
[Round "2.5"]
[White "Espinel Forero, Aura Maria"]
[Black "Londono Arias, Julian Andres"]
[Result "0-1"]
[WhiteElo "1559"]
[BlackElo "1595"]
[PlyCount "58"]
[EventDate "2017.04.01"]
[EventType "swiss"]
[EventRounds "5"]
[EventCountry "COL"]
[SourceTitle "EXT 2024"]
[Source "ChessBase"]
[SourceDate "2023.10.10"]
[SourceVersion "1"]
[SourceVersionDate "2023.10.10"]
[SourceQuality "1"]

1. e4 d5 2. e5 c5 3. g3 Nc6 4. Nf3 Bg4 5. Bg2 Nxe5 6. 0-0 Nf6 7. d3 e6 8. Bg5 Be7 9. Bxf6 Bxf6 10. Nbd2 Qc7 11. c3 0-0 12. d4 cxd4 13. cxd4 Nxf3+ 14. Nxf3 Rac8 15. Qd3 Qb6 16. b3 Bxf3 17. Bxf3 Bxd4 18. Rad1 Bf6 19. Bg2 Rc3 20. Qd2 Rfc8 21. Rc1 Qc5 22. Kh1 Rxc1 23. Qe2 Rxf1+ 24. Bxf1 Qc2 25. Qg4 Qe4+ 26. Qxe4 dxe4 27. Bg2 Rc1+ 28. Bf1 Rxf1+ 29. Kg2 Ra1 0-1

[Event "Bolivar Region Selectivo Amateur"]
[Site "Bolivar"]
[Date "2017.01.21"]
[Round "3.6"]
[White "Fandino Parra, Juan Diego"]
[Black "Londono Arias, Julian Andres"]
[Result "1/2-1/2"]
[WhiteElo "1633"]
[BlackElo "1600"]
[PlyCount "85"]
[EventDate "2017.01.20"]
[EventType "swiss"]
[EventRounds "5"]
[EventCountry "COL"]
[SourceTitle "EXT 2024"]
[Source "ChessBase"]
[SourceDate "2023.10.10"]
[SourceVersion "1"]
[SourceVersionDate "2023.10.10"]
[SourceQuality "1"]

1. e4 d5 2. exd5 Nf6 3. Nc3 Nxd5 4. Qf3 e6 5. Bb5+ c6 6. Ba4 a5 7. a3 Be7 8. Nge2 0-0 9. 0-0 Nxc3 10. Nxc3 Nd7 11. d4 b5 12. Bxb5 cxb5 13. Qxa8 b4 14. axb4 Bxb4 15. Be3 Qc7 16. d5 Bb7 17. Qa7 Ra8 18. Qd4 Bc5 19. Qd2 Bd6 20. Nb5 Bxh2+ 21. Kh1 Qe5 22. dxe6 Qh5 23. exf7+ Kxf7 24. Qxd7+ Kg8 25. f3 Bg3+ 26. Qh3 Qe5 27. Bd4 Qf4 28. Be3 Qe5 29. Rad1 Ra6 30. Rd8+ Kf7 31. Qd7+ Kg6 32. Qe8+ Qxe8 33. Rxe8 Bc6 34. c4 Bxe8 35. Rd1 Re6 36. Rd3 a4 37. Nd4 Re7 38. Ne2 Bc7 39. Nf4+ Kf7 40. Nd5 Rd7 41. Rd2 Bg3 42. c5 Rb7 43. Nb6 1/2-1/2